| 000 | 00429nam a22001697a 4500 | ||
|---|---|---|---|
| 003 | OSt | ||
| 005 | 20211123112607.0 | ||
| 008 | 211123b |||||||| |||| 00| 0 eng d | ||
| 020 | _a90-8573-008-2 | ||
| 040 | _cHawassa university | ||
| 050 | _a664/GAS | ||
| 082 | _a664/GAS | ||
| 100 |
_aGastel saskia van _920086 |
||
| 245 | _aSmall-scale production of weaning foods | ||
| 260 |
_aNetherlands _c2005 |
||
| 942 |
_2ddc _cBOOKS _n0 |
||
| 999 |
_c19731 _d19731 |
||